000 00587nam a2200229 a 4500
999 _c4736
_d4736
001 4736
003 BD-JhCC
005 20171130193042.0
008 171130s19471964e a|||| || | 001 0 eng d
035 _a(BD-JhCC)4736
040 _aBD-JhCC
_dBD-JhCC
041 _aeng
082 _a581.9
_bGOO 1964
100 _aGood, Ronald
245 _aThe Geography of The Flowering Plants /
_cRonald Good,
260 _aLondon :
_bLongmans, Green and Co. Ltd,
_c1964.
300 _a518 p. :
_c26 cm.
650 _aPlant Ecology
650 _aPytography
942 _2ddc
_cBK